| 000 | 00515nam a2200169 i 4500 | ||
|---|---|---|---|
| 001 | 56666 | ||
| 003 | ES-MaACL | ||
| 005 | 20231205193243.0 | ||
| 007 | t| | ||
| 008 | 031010s1970 sp ||||1| spa d | ||
| 100 | 1 |
_aDiego, Gerardo, _d1896-1987 _944545 |
|
| 245 | 1 | 0 |
_aAntología poética 1918-1969 / _cGerardo Diego. |
| 260 |
_aMadrid : _bDirección General de Enseñanza Media y Profesional, _c[1970] |
||
| 300 |
_a455 p. ; _c23 cm. |
||
| 852 |
_aES-MaACL _jC-38292 _bR.74461 |
||
| 999 |
_c56666 _d56666 |
||